Radio Nationales FM en France - Statistiques

Statistiques générales
  • Ce quiz a été pris 301 fois
  • Le résultat moyen est 13 sur 27
Statistiques - réponses
Radio Fréquences % Correct
NRJ 214
90%
RTL 286
85%
Skyrock 226
84%
France Inter 626
80%
Europe 1 324
78%
France Bleu 439
72%
Nostalgie 197
72%
France Info 282
70%
Fun 204
70%
RMC 271
67%
RTL2 115
60%
ChérieFM 62
58%
RFM 155
58%
Virgin 114
58%
France Culture 506
54%
France Musique 501
43%
Mouv' 31
40%
Radio Nova 22
28%
Rires et Chansons 114
27%
Radio Classique 87
23%
Sud Radio 60
18%
MFM 93
17%
Alouette 33
16%
Radio FG 21
13%
Vibration 31
7%
Radio Star 24
2%
Totem 33
2%
Aucun quiz correspondant
Distribution des résultats
% des personnes avec chaque résultat
Percentile par nombre de réponses
Votre historique - résultats
Vous n’avez pas pris ce quiz